00472nam a22001577a 450000500170000000800410001702000180005804100130007608200130008910000130010224500770011525000210019226000440021330000330025765000240029020231108144549.0231108b |||||||| |||| 00| 0 eng d a9780409049459 aEnglish  a346.2LEG lEnglish  aLegal Principles of Contracts and Commercial Law / cedited by MA Fouche aSeventh Edition  aDurban : bLexisNexis (Pty) Ltd, c2012 bvii, 440 pages ; c24,7 cm.  aLegal practicebLaw